000 01384nam a2200217 a 4500
001 BRCA_8702
005 20190320210354.0
008 240117s1777----sp-#######---#000-0#spa-#
041 _aspa
044 _asp
084 _aBE45
_b.M36 1777
100 1 _aManterola, Lorenzo Agustin de
_921683
245 1 0 _aCatecismo romano
_bcompuesto por decreto del sagrado concilio tridentino para los párrocos de toda la iglesia y publicado por San Pio V; traducido del latín al castellano, según el Decreto del mismo Sagrado Concilio.
260 _aPamplona
_bEn la Imprenta de Benito de Coscoyuela
_c1777
300 _aXXXX, 532 p. (t.1)
_c21.4 x 15 cm
500 _aEn portada: Al principio de cada tomo va su respectivo índice de capítulos, y números: y al final del segundo se hallaràn otros dos bien copiosos, relativos a toda la obra: uno de todas las Dominicas, y algunas fiestas más principales del año, con remisiones à este catecismo, para predicar por él: y otro de las cosas más notables. Lease también à la frente de este primer Tomo el Breve de N. SS. Padre Clemente XIII., y el edicto del ilustrísimo señor Obispo de Pamplona
500 _aEstado físico: presenta encuadernación en pergamino con lomo desprendido, algunas hojas manchadas y presencia del pez de plata
650 1 4 _aCatecismo
_yObras anteriores a 1800
_921684
902 _aCFM
942 _2lcc
_cB
999 _c8355
_d8355